Ortografía intuitiva: método viso, audo, motor, gnósico

Sparad:
Bibliografiska uppgifter
Huvudupphovsman: Forgione, José D (Författare, medförfattare)
Materialtyp: Bok
Språk:spanska
Publicerad: Buenos Aires Kapelusz 1963
Upplaga:24a. ed
Ämnen:
Taggar: Lägg till en tagg
Inga taggar, Lägg till första taggen!

MARC

LEADER 00000nam a2200000 a 4500
001 UCZ0704
003 CL-VaPUC
008 950809e19630500AG |||||||||||||||||spa|d
082 0 4 |a 411  |b FOR  |2 21 
100 0 |a Forgione, José D  |e author  |9 343843 
245 1 0 |a Ortografía intuitiva: método viso, audo, motor, gnósico 
250 |a 24a. ed 
300 |a 181 p 
942 |c BK 
945 |d 19950809 00:00:00  |a mfernand 
260 |a Buenos Aires  |b Kapelusz  |c 1963 
650 0 |a Ortografía  |9 309144 
650 0 |a Métodos de enseñanza  |9 270413 
650 7 |a ESCRITURA FONETICA  |2 CL-VaPUC  |9 342612 
650 0 |a Idioma español  |9 309143 
583 |a last modification  |c 20170830 09:29:06  |k Rodrigo Vera 
999 |c 237614  |d 237612 
952 |0 0  |1 0  |4 0  |6 411_000000000000000_FOR_1963  |7 0  |8 P  |9 247019  |a BIBEDU  |b BIBEDU  |c BIBEDU_PB  |d 2019-11-18  |i 1558307  |o 411 FOR 1963  |p 1558307  |r 2024-01-25  |w 2019-11-18  |y BK  |k EDU 
952 |0 0  |1 0  |4 0  |6 411_000000000000000_FOR_1963  |7 0  |8 P  |9 247020  |a BIBEDU  |b BIBEDU  |c BIBEDU_PB  |d 2019-11-18  |i 1558315  |o 411 FOR 1963  |p 1558315  |r 2024-01-25  |w 2019-11-18  |y BK  |k EDU